000 00319nam a2200121 a 4500
005 20140414132054.0
008 110714s19uu xx 00 eng d
050 _aER
_bK87 1993
100 _aKreider, Karen
245 _aAlladin the genie's tale :
_bDisney's.
260 _aNew york :
_bWestern,
_c1993.
999 _c114263
_d114263